| 000 | 00522nam a22001937a 4500 | ||
|---|---|---|---|
| 003 | OSt | ||
| 005 | 20160610123658.0 | ||
| 008 | 160610b xxu||||| |||| 00| 0 eng d | ||
| 020 | _a0415275199 | ||
| 040 | _cDLMN | ||
| 082 | _aQV704H192g 2004. | ||
| 100 |
_aEdited by Evans,Gary; _99297 |
||
| 245 | _aA Handbook of Bioanalysis and Metabolism. | ||
| 260 |
_aLondon. _bCRC Press. _c2004. |
||
| 300 |
_axii,390p; _bill; _c26cm. |
||
| 504 | _aIncludes references and index. | ||
| 650 |
_aPharmacy. _99298 |
||
| 942 |
_2z _cO_SHELF |
||
| 999 |
_c4308 _d4308 |
||